1950s and 1960s Celebrities by Picture #2 - Statistics

General Stats
  • This quiz has been taken 137 times
  • The average score is 9 of 16
Answer Stats
Picture Answer % Correct
marilyn monroe
98%
queen elizabeth II
94%
ray charles
86%
marlon brando
81%
johnny cash
72%
diana ross
71%
lucille ball
71%
humphrey bogart
69%
gregory peck
67%
steve mcqueen
60%
mickey mantle
38%
milton berle
29%
jane russell
26%
perry como
21%
peggy lee
10%
billy wilder
2%
No matching quizzes found
Score Distribution
Percent of People with Each Score
Percentile by Number Answered
Your Score History
You have not taken this quiz